000 00973nam a22002657a 4500
005 2011080406576.0
008 090728t xxu||||| |||| 00| 0 pun d
010 _aPUN-7025
020 _c100.00
_a8176472255
035 _aPN-6143
037 _bDBAD / PUB
040 _adpl
_bpn
082 _a854
100 _924414
_aਰਾਣਾ, ਰਣਜੀਤ ਸਿੰਘ
245 _aਜ਼ਿੰਦਗੀ ਦੀ ਤਾਸ਼ /
_cਰਣਜੀਤ ਸਿੰਘ ਰਾਣਾ
246 _aZindgi dee taash
_bby Ranjit Singh Rana
260 _aLudhiana
_bLahore Book Shop
_c2007
270 _a2, Lajpat Rai market,
_bLudhiana (Pb)
_k2740738,6540738
300 4 _a112ਸਫੇ.
_c22ਸੇਂਮੀ (ਸਜਿਲੱਦ)
600 _931401
650 _924431
700 _933297
942 _2ddc
_cPN
_h854
_mਰਾਣਾਰ
999 _c55865
_d55865